Rock Bands By Lead Singer: Updated - Statistics

General Stats
  • This quiz has been taken 128 times
    36 since last reset
  • The average score is 20 of 30
Answer Stats
Band Singer % Correct
Black Sabbath* Ozzy Osbourne/Ronnie James Dio
100%
Guns N Roses Axl Rose
97%
Queen Freddie Mercury
97%
Nirvana Kurt Cobain
97%
Areosmith Steven Tyler
97%
U2 Bono
94%
Rolling Stones Mick Jagger
94%
The Police Sting
94%
The Doors Jim Morrison
88%
Led Zeppelin Robert Plant
88%
ACDC* Bon Scott/Brian Johnson
81%
Pink Floyd* David Gilmour/Roger Waters
81%
Foo Fighters David Grohl
78%
Van Halen* David Lee Roth/Sammy Hagar
75%
Pearl Jam Eddie Vedder
75%
Metallica James Hetfield
75%
The Who* Roger Daltrey/Pete Townshend
72%
Creedence Clearwater Revival John Fogerty
59%
Dire Straits Mark Knopfler
59%
Talking Heads David Byrne
56%
The Clash Joe Strummer
50%
Alice in Chains* Layne Staley/William Duvall
47%
Judas Priest Rob Halford
47%
Lynyrd Skynyrd* Ronnie Van Zant/Johnny Van Zant
38%
Poison Bret Michaels
34%
System Of A Down* Serj Tankian/Daron Malakian
34%
ZZ Top Billy Gibbons
31%
Def Leppard Joe Elliott
25%
Creed Scott Stapp
16%
Chevelle Pete Loeffler
6%
No matching quizzes found
Score Distribution
Percent of People with Each Score
Percentile by Number Answered
Your Score History
You have not taken this quiz since the last reset